000 00858nam a2200217Ia 4500
008 0000001980 usa 0000000000eng00
020 _a870705199
090 _aPSP00 P31p2
100 1 _aPicasso, Pablo
_d1881
245 1 0 _aPablo Picasso
_b: a retrospective
_c/ edited by William Rubin ; chronology by Jane Fluegel
300 _a463 p.
_c/ 28 cm.
500 _aExposición realizada en El Museo de Arte Moderno de Nueva York, Mayo 22 Septiembre 16, 1980 \ Con el patronazgo de la empresa colombiana PLARESA
600 0 0 _aPICASSO, PABLO, 18811973/
_xTRABAJOS PICTORICOS
650 1 4 _aARTE CONTEMPORANEO ESPAÑOL
650 1 4 _xCATALOGOS
650 1 4 _xEXPOSICIONES
650 1 4 _aPINTORES ESPAÑOLES
650 1 4 _aPINTURA ESPAÑOLA
700 1 _aRubin, William \ Fluegel, Jane
999 _c8191
_d8191
260 _aNew York : The Museum of Modern Art
_c1980